| 000 | 01209nam a2200301Ia 4500 | ||
|---|---|---|---|
| 001 | ebr10279307 | ||
| 003 | CaPaEBR | ||
| 006 | m u | ||
| 007 | cr cn||||||||| | ||
| 008 | 960513s1997 nyu s 000 0 eng d | ||
| 010 | _z 96021979 | ||
| 020 | _z0195109619 (alk. paper) | ||
| 020 | _z9780195109610 | ||
| 040 |
_aCaPaEBR _cCaPaEBR |
||
| 035 | _a(OCoLC)435911877 | ||
| 050 | 1 | 4 |
_aKF387 _b.S39 1997eb |
| 082 | 0 | 4 |
_a349.73 _a347.3 _220 |
| 100 | 1 |
_aSchwartz, Bernard, _d1923-1997. |
|
| 245 | 1 | 2 |
_aA book of legal lists _h[electronic resource] : _bthe best and worst in American law, with 100 court and judge trivia questions / _cBernard Schwartz. |
| 260 |
_aNew York : _bOxford University Press, _c1997. |
||
| 300 | _a292 p. | ||
| 533 |
_aElectronic reproduction. _bPalo Alto, Calif. : _cebrary, _d2009. _nAvailable via World Wide Web. _nAccess may be limited to ebrary affiliated libraries. |
||
| 650 | 0 |
_aLaw _zUnited States _vMiscellanea. |
|
| 650 | 0 |
_aLaw _zUnited States _vPopular works. |
|
| 655 | 7 |
_aElectronic books. _2local |
|
| 710 | 2 | _aebrary, Inc. | |
| 856 | 4 | 0 |
_uhttp://site.ebrary.com/lib/rucke/Doc?id=10279307 _zAn electronic book accessible through the World Wide Web; click to view |
| 999 |
_c18774 _d18774 |
||